| 000 | 00715cam a22002653a 4500 | ||
|---|---|---|---|
| 001 | 16620 | ||
| 003 | PGUSA | ||
| 005 | 20140828083344.0 | ||
| 008 | 050829s2005||||xxu|||||s|||||000 | eng d | ||
| 040 |
_aPGUSA _beng |
||
| 042 | _adc | ||
| 050 | 4 | _aB | |
| 050 | 4 | _aPA | |
| 100 | 1 |
_aEpictetus, _d55-135 |
|
| 245 | 1 | 0 |
_aOjennusnuora _h[electronic resource] / _cEpictetus |
| 260 |
_bProject Gutenberg, _c2005 |
||
| 506 | _aPublic domain in the USA. | ||
| 516 | _aElectronic text | ||
| 653 | _aConduct of life -- Early works to 1800 | ||
| 653 | _aEthics, Ancient | ||
| 700 | 1 |
_aJaakkola, K., _d1853-1932 |
|
| 830 | 0 |
_aProject Gutenberg _v16620 |
|
| 856 | 4 | 0 | _uhttp://www.gutenberg.org/ebooks/16620 |
| 942 | _cEB | ||
| 999 |
_c245875 _d245875 |
||